000 00289nam a22001337a 4500
008 171019b xxu||||| |||| 00| 0 eng d
020 _a0684830442
041 _aeng
080 _a338
100 _a53
101 _aMEN
245 _aMANAGEMENT OF THE ABSURD
_cFARSON,R
942 _2udc
_cBK
999 _c34902
_d34902